La place de l'étoile / (Record no. 192529)

MARC details
000 -LEADER
campo de control de longitud fija 00578nam a2200205 a 4500
001 - NÚMERO DE CONTROL
campo de control 192529
003 - IDENTIFICADOR DE NÚMERO DE CONTROL
campo de control ES-MaACL
005 - FECHA Y HORA DE LA ÚLTIMA TRANSACCIÓN
campo de control 20230906224217.0
008 - DATOS DE LONGITUD FIJA--INFORMACIÓN GENERAL
campo de control de longitud fija 230127s1968 fr 000 | fre
020 ## - NÚMERO INTERNACIONAL ESTÁNDAR DEL LIBRO
Número Internacional Estándar del Libro 2-07-036698-7
080 ## - NÚMERO DE LA CLASIFICACIÓN DECIMAL UNIVERSAL
Número de la Clasificación Decimal Universal 821.133.1-31"19"
100 1# - ENTRADA PRINCIPAL--NOMBRE DE PERSONA
Nombre de persona Modiano, Patrick.
9 (RLIN) 81749
245 13 - MENCIÓN DEL TÍTULO
Título La place de l'étoile /
Mención de responsabilidad, etc. Patrick Modiano.
260 ## - PUBLICACIÓN, DISTRIBUCIÓN, ETC.
Lugar de publicación, distribución, etc. Paris :
Nombre del editor, distribuidor, etc. Gallimard,
Fecha de publicación, distribución, etc. 1968.
300 ## - DESCRIPCIÓN FÍSICA
Extensión 214 p. ;
Dimensiones 18cm.
490 1# - MENCIÓN DE SERIE
Mención de serie Folio ;
Designación de volumen o secuencia 698
830 1# - PUNTO DE ACCESO ADICIONAL DE SERIE-TÍTULO UNIFORME
Título uniforme Folio ;
Designación de volumen o secuencia 698
9 (RLIN) 178839
852 4# - LOCALIZACIÓN
Ubicación ES-MaACL
Número de control de estantería VAL-254
Nota libre - Legado Asunción Valero
Holdings
Estatus retirado Estado de pérdida Estado de daño No para préstamo Biblioteca de origen Biblioteca actual Ubicación en estantería Fecha de adquisición Fuente de adquisición Total de préstamos Signatura topográfica completa Código de barras Visto por última vez Precio de reemplazo Tipo de ítem Koha
        Biblioteca del Ateneo de Madrid Biblioteca del Ateneo de Madrid Depósito J 27/01/2023     VAL-254 1205121 23/02/2023 23/02/2023 Libro impreso